Romania-visa - Statistics

Yleistilastot
  • Tätä visaa on pelattu 307 kertaa
  • Keskiarvotulos 13 / 20
Vastaustilastot
Vinkki Vastaus % Oikein
Pääkaupunki Bukarest
95%
Meri, jonka rannalla Romania sijaitsee {Musta}meri
95%
Rajanaapurit Bulgaria
94%
Rajanaapurit Ukraina
93%
Rajanaapurit Moldova
92%
Rajanaapurit Unkari
89%
Rajanaapurit Serbia
88%
Kuvitteellinen kreivi, joka on edellä mainitun inspiroima Kreivi Dracula
81%
Pisin joki Tonava
76%
Historiallinen alue Keski-Romaniassa, joka alkaa T-kirjaimella Transilvania
74%
Vuorijono, joka kulkee Romanian poikki Karpaatit
61%
Ulkomaa, jossa asuu yli 1,2 miljoonaa romanialaista maahanmuuttajaa Italia
57%
Keskiaikainen hallitsija, joka tunnetaan vihollistensa seivästämisestä Vlad III Seivästäjä
56%
Nimeä yksi neljästä maasta, joissa on alhaisempi syntyvyys kuin Romaniassa Singapore | Taiwan | Etelä-Korea | Bosnia ja Hertsegovina
45%
Toiseksi suurin kaupunki {Cluj}-Napoca
40%
Romanialainen autonvalmistaja, joka vastaa 8 % koko maan viennistä Dacia
37%
Entinen diktaattori, joka hallitsi vuodesta 1965 teloitukseensa asti 25. joulukuuta 1989 Nicolae Ceaușescu
37%
Voimistelijalegenda, joka ansaitsi kuusi täyttä kymppiä vuoden 1976 kesäolympialaisissa Nadia Comăneci
22%
Romanian viimeinen kuningas, jonka Neuvostoliitto pakotti luopumaan kruunusta vuonna 1947 Mikael I
17%
Linna, jota virheellisesti markkinoidaan kyseisen hahmon kotilinnana {Branin} linna
13%
Ehtoja vastaavia visoja ei löytynyt
Tulosjakauma
Jokaisen tuloksen saaneiden osuus
Persentiili vastausten määrän mukaan
Tuloshistoriasi
Et ole pelannut tätä visaa